=LDR 00000nam 2200000 4500 =001 INLIS000000000052736 =005 20180227080816 =035 ##$$a 0010-0218000432 =007 ta =008 180227###########################0###### =020 ##$$a 978-979-19091-7-4 =082 ##$$a 612.015 =084 ##$$a 612.015 KHA p =100 #$$a Khairil Pahmi =245 1#$$a Protein dalam biomedik : $b Prinsip dasar dan analisis /$c Khairil Pahmi =260 ##$$a Yogyakarta :$b Pustaka Panasea,$c 2017 =300 ##$$a xii,108 hlm : $b ilus ; $c 25 cm. =650 ##$$a protein =504 ##$$a Bibliografi : hlm. 99-108 =990 ##$$a 48994899 =990 ##$$a 48994899 =990 ##$$a 48994899 =990 ##$$a 48994899 =990 ##$$a 48994899 =990 ##$$a 21709786 =990 ##$$a 01201804899 =990 ##$$a 01201804900 =990 ##$$a 01201804901 =990 ##$$a 01201804902 =990 ##$$a 21709787 =990 ##$$a 01201804899 =990 ##$$a 01201804900 =990 ##$$a 01201804901 =990 ##$$a 21709786 =990 ##$$a 21709788 =990 ##$$a 01201804899 =990 ##$$a 01201804900 =990 ##$$a 21709787 =990 ##$$a 21709786 =990 ##$$a 21709789 =990 ##$$a 01201804899 =990 ##$$a 21709788 =990 ##$$a 21709787 =990 ##$$a 21709786 =990 ##$$a 21709790 =990 ##$$a 21709789 =990 ##$$a 21709788 =990 ##$$a 21709787 =990 ##$$a 21709786